MOTIVATION MANAGEMENT FUELING PERFORMANCE BY (Record no. 7568)

MARC details
000 -LEADER
fixed length control field 00365nam a2200133Ia 4500
008 - FIXED-LENGTH DATA ELEMENTS--GENERAL INFORMATION
fixed length control field 240624s9999 xx 000 0 und d
041 ## - LANGUAGE CODE
Language code of text/sound track or separate title eng
082 ## - DEWEY DECIMAL CLASSIFICATION NUMBER
Classification number 658.8102 GRE
100 ## - MAIN ENTRY--PERSONAL NAME
Personal name GREEN THAD
245 ## - TITLE STATEMENT
Title MOTIVATION MANAGEMENT FUELING PERFORMANCE BY
260 ## - PUBLICATION, DISTRIBUTION, ETC.
Date of publication, distribution, etc. 2000
Place of publication, distribution, etc. California
Name of publisher, distributor, etc. Davies-Black Publishing
300 ## - PHYSICAL DESCRIPTION
Extent xx, : 268 : p. : cm. ; 23
365 ## - TRADE PRICE
Currency code
Price amount 35
Holdings
Withdrawn status Lost status Damaged status Not for loan Home library Current library Shelving location Date acquired Source of acquisition Cost, normal purchase price Full call number Barcode Date last seen Copy number Price effective from Koha item type
        IMTN IMTN Rack 36-A 11/30/2007 BU 29.95 658.8102 GRE 7568 06/24/2024 39.35 06/24/2024 Books
Designed & Maintained by: LRC IMT Nagpur Contact: lrc@imtnag.ac.in© 2024. All Rights Reserved.